<?xml version="1.0" encoding="UTF-8"?>
<collection xmlns="http://www.loc.gov/MARC21/slim">
 <record>
  <leader>00541cam a2200169 7i4500</leader>
  <controlfield tag="001">0000016588</controlfield>
  <controlfield tag="005">20190503090000.0</controlfield>
  <datafield tag="020" ind1=" " ind2=" ">
   <subfield code="a">2111447936833 </subfield>
  </datafield>
  <datafield tag="090" ind1="0" ind2="0">
   <subfield code="a">428/MOO </subfield>
  </datafield>
  <datafield tag="100" ind1="1" ind2=" ">
   <subfield code="a">Moor Peter Cunningham Sarah </subfield>
  </datafield>
  <datafield tag="245" ind1="0" ind2="0">
   <subfield code="a">Cutting Edge : Elementry Students Book  </subfield>
   <subfield code="c">by Sarah Cunningham Peter Moor and Araminta Crane.</subfield>
  </datafield>
  <datafield tag="260" ind1=" " ind2=" ">
   <subfield code="a">Australia: </subfield>
   <subfield code="b">Pearson, </subfield>
   <subfield code="c">c 2017.</subfield>
  </datafield>
  <datafield tag="300" ind1=" " ind2=" ">
   <subfield code="a">ix, 175 Pages: </subfield>
   <subfield code="b">illustration (Color).</subfield>
  </datafield>
  <datafield tag="500" ind1=" " ind2=" ">
   <subfield code="a">Includes Index</subfield>
  </datafield>
  <datafield tag="650" ind1=" " ind2="0">
   <subfield code="a">English Language with CD </subfield>
  </datafield>
  <datafield tag="700" ind1="1" ind2=" ">
   <subfield code="a">Araminta Crane </subfield>
  </datafield>
  <datafield tag="999" ind1=" " ind2=" ">
   <subfield code="a">1000026172</subfield>
   <subfield code="b">Book</subfield>
   <subfield code="c">Green Spot</subfield>
  </datafield>
 </record>
</collection>
